| Tag |
First Indicator |
Second Indicator |
Subfields |
| LEADER |
00000cam a2200000 a 4500 |
| 001 |
in00000072928 |
| 005 |
20151008055956.0 |
| 008 |
810815s1981 caubc b 00110 engm |
| 010 |
|
|
|a 80008324
|
| 020 |
|
|
|a 0817973117
|
| 035 |
|
|
|a (OCoLC)07734629
|
| 035 |
|
|
|9 AAJ4859AM
|
| 039 |
0 |
|
|a 2
|b 3
|c 3
|d 3
|e 3
|
| 040 |
|
|
|a DLC
|c DLC
|d OCL
|d TXA
|d UtOrBLW
|
| 043 |
|
|
|a n-us---
|a a-ja---
|a a-cc---
|
| 049 |
|
|
|a TXAM
|c [951959]
|
| 050 |
0 |
0 |
|a E183.8.J3
|b H67 1981
|
| 082 |
0 |
|
|a 327.73052
|2 19
|
| 100 |
1 |
|
|a Hornbeck, Stanley Kuhl,
|d 1883-1966.
|
| 245 |
1 |
4 |
|a The diplomacy of frustration :
|b the Manchurian crisis of 1931-1933 as revealed in the papers of Stanley K. Hornbeck /
|c compiled and with an introduction by Justus D. Doenecke.
|
| 264 |
|
1 |
|a Stanford, Calif. :
|b Hoover Institution Press, Standford University,
|c [1981]
|
| 264 |
|
4 |
|c ©1981
|
| 300 |
|
|
|a xiii, 214 pages :
|b map, portrait ;
|c 24 cm.
|
| 336 |
|
|
|a text
|b txt
|2 rdacontent
|
| 337 |
|
|
|a unmediated
|b n
|2 rdamedia
|
| 338 |
|
|
|a volume
|b nc
|2 rdacarrier
|
| 490 |
1 |
|
|a Hoover Press publication ;
|v 231
|
| 490 |
1 |
|
|a Hoover archival documentaries
|
| 504 |
|
|
|a Includes bibliographical references and index.
|
| 600 |
1 |
0 |
|a Hornbeck, Stanley Kuhl,
|d 1883-1966.
|
| 650 |
|
0 |
|a Mukden Incident, China, 1931.
|
| 651 |
|
0 |
|a United States
|x Foreign relations
|z Japan.
|
| 651 |
|
0 |
|a Japan
|x Foreign relations
|z United States.
|
| 651 |
|
0 |
|a United States
|x Foreign relations
|y 1929-1933.
|
| 651 |
|
0 |
|a Japan
|x Foreign relations
|y 1912-1945.
|
| 700 |
1 |
|
|a Doenecke, Justus D.
|
| 830 |
|
0 |
|a Hoover Press publication ;
|v 231.
|
| 830 |
|
0 |
|a Hoover archival documentaries.
|
| 999 |
|
|
|a MARS
|
| 999 |
f |
f |
|s 1282740e-a5ca-3837-96fa-b4b74807ba27
|i 0caa1475-0e03-3923-914f-8e98359bd8e3
|t 0
|
| 952 |
f |
f |
|p ric
|a Texas A&M University
|b Rellis Campus
|c Joint Library Facility
|d Remote Storage
|t 0
|e E183.8.J3 H67 1981
|h Library of Congress classification
|i unmediated -- volume
|m A14806105538
|
| 998 |
f |
f |
|a E183.8.J3 H67 1981
|t 0
|l Remote Storage
|